| 000 | 06405namaa22004451i 4500 | ||
|---|---|---|---|
| 003 | EG-GICUC | ||
| 005 | 20260406115300.0 | ||
| 008 | 260313s2025 ua a|||frm||| 000 0 eng d | ||
| 040 |
_aEG-GICUC _beng _cEG-GICUC _dEG-GICUC _erda |
||
| 041 | 0 |
_aeng _beng _bara |
|
| 049 | _aDeposit | ||
| 082 | 0 | 4 | _a615.908 |
| 092 |
_a615.908 _221 |
||
| 097 | _aPh.D | ||
| 099 | _aCai01.24.04.Ph.D.2025.Ra.C | ||
| 100 | 0 |
_aRania Ahmed Ibrahim Mousa, _epreparation. |
|
| 245 | 1 | 0 |
_aComparative antimicrobial effect of diode laser with silver nanoparticles and curcumin against enterococcus faecalis : _bin vitro study / _cby Rania Ahmed Ibrahim Mousa ; Supervisors Prof. Dr. Ahmed Abbas Zaky, Prof. Dr.Tarek Abdel Hamid Harhash, Dr. Marwa Mohamed Abdelgawad. |
| 246 | 1 | 5 | _aمقارنة تأثير مضادات الميكروبات باستخدام ديود ليزر مع الفضة النانونية و الكركمين ضد المكورات المعوية البرازية |
| 264 | 0 | _c2025. | |
| 300 |
_a86 pages : _billustrations ; _c25 cm. + _eCD. |
||
| 336 |
_atext _2rda content |
||
| 337 |
_aUnmediated _2rdamedia |
||
| 338 |
_avolume _2rdacarrier |
||
| 502 | _aThesis (Ph.D)-Cairo University, 2025. | ||
| 504 | _aBibliography: pages 62-84. | ||
| 520 | 3 | _aThe purpose of this study was to determine the bactericidal effect of diode laser (445 nm), silver and curcumin nanoparticles on Enterococcus faecalis.The study was carried out by classifying the examined samples into seven groups and analyzed using three methods.Seventy extracted maxillary anterior human teeth with one root canal were inoculated with Enterococcus faecalis and organized into seven groups; (I) Control group, (II) Sodium hypochlorite group, (III) Laser group, (IV) Silver nanoparticles group, (V) Laser with silver nanoparticles group, (VI) Curcumin nanoparticles group and (VII) Laser with curcumin nanoparticles group. After the treatment protocol, the samples were analyzed by colony forming units (CFU) for analysis of the remaining bacteria. Also, they were stained with dye to detect live and dead bacteria using a confocal laser scanning microscope (CLSM). Lastly, the specimens were examined to detect the glutathione peroxidase, superoxide dismutase and ROS levels. The results of this investigation revealed the following:CFU: The control group showed the highest bacterial load followed by the SNP group, then the CurNP group then the CurNP-L group then the laser group then the SNP-L group and finally the NaOCl group. CLSM: The SNP group showed the highest bacterial percentage reduction followed by theCurNP-L group then the NaOCl group then the laser group then the SNP-L group then the CurNP group and finally the control group. Antioxidant markers:Glutathione peroxidase:The control group showed the highest level followed by the NaOCl group then the laser group then CurNP group then CurNP-L group then SNP group and finally the SNP-L group. Superoxide dismutase:The control group showed the highest level followed by the NaOCl group then the laser group then the CurNP group then the CurNP-L group then the SNP group and finally the SNP-L group.ROS:The SNP-L showed the highest level followed by the CurNP-L group then the SNP group then the CurNP group then the NaOCl group then the laser group and finally the control group. | |
| 520 | 3 | _aالغرض من هذه الدراسة هو تحديد التأثير المدمر للجراثيم باستخدام الليزر الثنائي (445 نانومتر) وجسيمات الفضة والكركمين النانوية على المكورات المعوية البرازية. أجريت الدراسة من خلال تصنيف العينات التى تم فحصها، إلى سبع مجموعات وتحليلها باستخدام ثلاث طرق. تم تلقيح سبعين سنًا بشريًا أماميًا من الفك العلوي مع قناة جذر واحدة بالمكورات المعوية البرازية وتم تنظيمها في سبع مجموعات؛ (I) المجموعة الضابطة، (II) مجموعة هيبوكلوريت الصوديوم، (III) مجموعة الليزر، (IV) مجموعة جسيمات الفضة النانوية، (V) الليزر مع مجموعة جسيمات الفضة النانوية، (VI) مجموعة جسيمات الكركمين النانوية و (VII) الليزر مع مجموعة جسيمات الكركمين النانوية. بعد بروتوكول العلاج، تم تحليل العينات بواسطة وحدات تشكيل مستعمرة (CFU) لتحليل البكتيريا المتبقية. كما تم صبغها بالصبغة للكشف عن البكتيريا الحية والميتة باستخدام مجهر المسح بالليزر متحد البؤر (CLSM). وأخيراً، تم فحص العينات للكشف عن مستويات الجلوتاثيون بيروكسيديز، وفوق أكسيد ديسموتاز، ومستويات .ROS وكشفت نتائج هذا التحقيق ما يلى: :CFUأظهرت مجموعة السيطرة أعلى حمل بكتيري تليها مجموعة SNP، ثم مجموعة CurNP ثم مجموعة CurNP-L ثم مجموعة الليزر ثم مجموعة SNP-L وأخيرا مجموعةNaOCl. :CLSMأظهرت مجموعة SNP أعلى انخفاض في نسبة البكتيريا تليها مجموعة CurNP-L ثم مجموعةNaOClثم مجموعة الليزر ثم مجموعة SNP-L ثم مجموعة CurNP وأخيرا مجموعة السيطرة. | |
| 530 | _aIssues also as CD. | ||
| 546 | _aText in English and abstract in Arabic & English. | ||
| 650 | 7 | _aCurcumin | |
| 651 | 7 | _aالكركمين | |
| 653 | 1 |
_aEnterococcus faecalis _aDiode laser _aSilver Nanoparticles _aCurcumin Nanoparticles _aSodium Hypochlorite _aالمكورات المعوية البرازية _aالليزر الثنائي |
|
| 700 | 0 |
_aAhmed Abbas Zaky _ethesis advisor. |
|
| 700 | 0 |
_aTarek Abdel Hamid Harhash _ethesis advisor. |
|
| 700 | 0 |
_aMarwa Mohamed Abdelgawad _ethesis advisor. |
|
| 900 |
_b01-01-2025 _cAhmed Abbas Zaky _cTarek Abdel Hamid Harhash _cMarwa Mohamed Abdelgawad _UCairo University _FNational Institute of Laser Enhanced Sciences (NILES) _DDepartment of Medical Applications of Laser |
||
| 905 |
_aShimaa _eEman Ghareb |
||
| 942 |
_2ddc _cTH _e21 _n0 |
||
| 999 | _c179004 | ||